000
00273nam a22001337a 4500
008
180302b xxu||||| |||| 00| 0 eng d
020
_a
9781285853888
041
_a
eng
080
_a
521
100
_a
42
101
_a
AST
245
_a
Universe
_c
Seeds
942
_2
udc
_c
BK
999
_c
43979
_d
43979